Minutový manažer v praxi /
Na minha lista:
| Main Authors: | , |
|---|---|
| Outros Autores: | |
| Formato: | Livro |
| Publicado em: |
Praha
Dobrovský
2018
|
| Edição: | 1. vyd. |
| Colecção: | Knihy Omega
|
| Assuntos: | |
| Tags: |
Sem tags, seja o primeiro a adicionar uma tag!
|
MARC
| LEADER | 00000nam a22000003a 4500 | ||
|---|---|---|---|
| 001 | 0070051 | ||
| 003 | SK-STU | ||
| 005 | 20181219094145.8 | ||
| 007 | ta | ||
| 008 | 181219s ----xo-----e------000-0-----d | ||
| 020 | |a 978-80-7390-081-6 | ||
| 040 | |a STU |b slo | ||
| 100 | 1 | |a Blanchard, Kenneth |4 aut | |
| 245 | 1 | 0 | |a Minutový manažer v praxi / |c aut. Kenneth Blanchard, Robert Lorber |
| 250 | |a 1. vyd. | ||
| 260 | |a Praha |b Dobrovský |c 2018 | ||
| 300 | |a 100 s. | ||
| 490 | 0 | |a Knihy Omega | |
| 650 | 0 | 7 | |a podnikový manažment |
| 650 | 0 | 7 | |a riadenie |
| 650 | 0 | 7 | |a úspech v podnikaní |
| 700 | 1 | |a Lorber, Robert |4 aut | |
| 700 | 1 | |a Collins, Štěpánka |4 trl | |
| 996 | |b 284M088086 |c M* 14220-1 |l MMKN |s A |a 24 |w 0070051_0001 | ||